[Event "Vrsar op"]
[Site "Vrsar"]
[Date "2023.04.25"]
[Round "1"]
[White "Jocev, Milan"]
[Black "Klement, Dubravko"]
[Result "1-0"]
[WhiteElo "2301"]
[BlackElo "1827"]
[PlyCount "47"]
[EventDate "2023.04.25"]
[EventType "swiss"]
[EventRounds "9"]
[EventCountry "CRO"]
[SourceTitle "CBM 214 Extra"]
[Source "ChessBase"]
[SourceDate "2023.07.31"]
[SourceVersion "1"]
[SourceVersionDate "2023.07.31"]
[SourceQuality "1"]

1. d4 c5 2. d5 e6 3. e4 exd5 4. exd5 d6 5. Bb5+ Bd7 6. a4 a6 7. Bd3 Be7 8. Ne2 Bf6 9. Nd2 Ne7 10. Ne4 Bg4 11. Nxf6+ gxf6 12. f3 Bh5 13. Ng3 Bg6 14. 0-0 h5 15. Re1 Kf8 16. Bxg6 fxg6 17. Re6 Kg7 18. Bf4 Nc8 19. Qe2 b6 20. Ne4 Re8 21. Nxc5 Kf7 22. Nb7 Qd7 23. Re1 Qxb7 24. Rxe8 1-0

[Event "Varazdinske Toplice op"]
[Site "Varazdinske Toplice"]
[Date "2022.12.26"]
[Round "6"]
[White "Klement, Dubravko"]
[Black "Novak, Ratko"]
[Result "0-1"]
[WhiteElo "1766"]
[BlackElo "2103"]
[PlyCount "100"]
[EventDate "2022.12.26"]
[EventType "swiss"]
[EventRounds "9"]
[EventCountry "CRO"]
[SourceTitle "CBM 211 Extra"]
[Source "ChessBase"]
[SourceDate "2023.01.31"]
[SourceVersion "1"]
[SourceVersionDate "2023.01.31"]
[SourceQuality "1"]

1. d4 d5 2. Nf3 c5 3. dxc5 Nc6 4. Bf4 f6 5. e3 e5 6. Bg3 Bxc5 7. Be2 Nge7 8. c3 a5 9. 0-0 Be6 10. Nbd2 0-0 11. h3 Nf5 12. Bh2 Bxe3 13. fxe3 Nxe3 14. Qe1 Nxf1 15. Bxf1 Qb6+ 16. Kh1 Qxb2 17. Rb1 Qxc3 18. Rxb7 e4 19. Rb3 Qc2 20. Rb6 Rae8 21. Nh4 Ne5 22. Nb3 a4 23. Nd4 Qc8 24. Ba6 Qc5 25. Rxe6 Qxd4 26. Rxe8 Rxe8 27. Nf5 Qb6 28. Qg3 Ng6 29. Nd6 Rd8 30. Bc8 Nf8 31. Bg4 Qb1+ 32. Bg1 Qd3 33. Nf5 Qxg3 34. Nxg3 g6 35. Bd4 f5 36. Bd1 Ne6 37. Bf6 Ra8 38. Ne2 Kf7 39. Bc3 Rc8 40. Bb2 d4 41. Bxa4 d3 42. Nc3 e3 43. Kg1 Nc5 44. Bb5 Rb8 45. Bc4+ Ke8 46. Ba3 Ne4 47. Nxe4 fxe4 48. Bb3 d2 49. Kf1 Rxb3 50. axb3 d1Q# 0-1

[Event "EU-ch Amateur U2000"]
[Site "Zagreb"]
[Date "2022.08.16"]
[Round "4"]
[White "Golubovic, Erik"]
[Black "Klement, Dubravko"]
[Result "1-0"]
[WhiteElo "1612"]
[BlackElo "1879"]
[PlyCount "67"]
[EventDate "2022.08.14"]
[EventType "swiss"]
[EventRounds "9"]
[EventCountry "CRO"]
[SourceTitle "CBM 210 Extra"]
[Source "ChessBase"]
[SourceDate "2022.11.30"]
[SourceVersion "1"]
[SourceVersionDate "2022.11.30"]
[SourceQuality "1"]

1. e4 g6 2. d4 d6 3. Nf3 Bg7 4. Bc4 Nf6 5. Qe2 0-0 6. e5 dxe5 7. dxe5 Nd5 8. 0-0 c6 9. Re1 Qc7 10. Nbd2 Bf5 11. Nd4 Qc8 12. c3 Nb6 13. Bb3 c5 14. Nxf5 Qxf5 15. e6 f6 16. Nf3 Rd8 17. Bc2 Qh5 18. Bf4 Nd5 19. Bg3 Nc6 20. Rad1 a6 21. Be4 Bh6 22. h3 Bf4 23. Rxd5 Rxd5 24. Bxf4 Rdd8 25. Rd1 Rxd1+ 26. Qxd1 Rd8 27. Qe2 h6 28. Bg3 f5 29. Bxc6 bxc6 30. Qxa6 g5 31. Bc7 Rd1+ 32. Kh2 g4 33. Qc8+ Kg7 34. Be5+ 1-0

[Event "Zagreb-ch Seniors"]
[Site "Zagreb"]
[Date "2019.09.05"]
[Round "4"]
[White "Harapin, Bozidar"]
[Black "Klement, Dubravko"]
[Result "0-1"]
[WhiteElo "1714"]
[BlackElo "1801"]
[PlyCount "132"]
[EventDate "2019.09.02"]
[EventType "swiss"]
[EventRounds "9"]
[EventCountry "CRO"]
[SourceTitle "EXT 2020"]
[Source "ChessBase"]
[SourceDate "2019.10.17"]
[SourceVersion "1"]
[SourceVersionDate "2019.10.17"]
[SourceQuality "1"]

1. e4 c5 2. Nf3 e6 3. b3 Nf6 4. Nc3 d6 5. h3 a6 6. Bb2 Nc6 7. a3 Be7 8. Be2 0-0 9. 0-0 Qc7 10. d4 cxd4 11. Nxd4 Bd7 12. f4 b5 13. Kh1 Rac8 14. b4 Nxd4 15. Qxd4 Bc6 16. Bf3 Rfd8 17. Rad1 Bf8 18. Rd2 d5 19. e5 Ne4 20. Bxe4 dxe4 21. Qe3 Rxd2 22. Qxd2 Qb7 23. Qe3 Bd5 24. Rd1 Rc4 25. Rf1 Be7 26. f5 exf5 27. Rxf5 Be6 28. Rf2 a5 29. Re2 axb4 30. axb4 Bf5 31. g4 Bg6 32. Ba3 Qc6 33. Qa7 Bf8 34. Bb2 Bxb4 35. Qb8+ Qc8 36. Qxc8+ Rxc8 37. Nd5 Bc5 38. Nf4 Be7 39. Kg2 f5 40. Kg3 Bg5 41. h4 Bxf4+ 42. Kxf4 fxg4 43. Kxg4 Rf8 44. h5 Bf5+ 45. Kg5 g6 46. h6 Kf7 47. Ba3 Rc8 48. Bb4 Rc4 49. Be1 e3 50. Rg2 Ke6 51. c3 Kxe5 52. Bg3+ Ke4 53. Kf6 Kf3 54. Rg1 e2 55. Kg7 g5 56. Kf6 Bg6 57. Be1 g4 58. Rg3+ Kf4 59. Rg2 Rc6+ 60. Ke7 Bd3 61. Rg3 Bc4 62. Kd7 Rxh6 63. Rg1 Rh3 64. Kc6 Kf3 65. Kc5 g3 66. Kd4 g2 0-1

[Event "Krapina op 9th"]
[Site "Krapina"]
[Date "2019.01.19"]
[Round "4"]
[White "Klement, Dubravko"]
[Black "Kralj, Kresimir"]
[Result "0-1"]
[WhiteElo "1813"]
[BlackElo "1687"]
[PlyCount "149"]
[EventDate "2019.01.17"]
[EventType "swiss"]
[EventRounds "7"]
[EventCountry "CRO"]
[SourceTitle "CBM 188 Extra"]
[Source "ChessBase"]
[SourceDate "2019.02.26"]
[SourceVersion "1"]
[SourceVersionDate "2019.02.26"]
[SourceQuality "1"]

1. d4 Nf6 2. Nf3 g6 3. Bf4 d6 4. h3 Bg7 5. e3 0-0 6. Bd3 c5 7. 0-0 Nc6 8. c3 Qb6 9. Qc2 Be6 10. Nbd2 Rac8 11. dxc5 Qxc5 12. Rac1 Qb6 13. Qb1 Nd7 14. Nd4 Nc5 15. Nxe6 Nxd3 16. Qxd3 fxe6 17. Nb3 d5 18. Qe2 e5 19. Bg3 e4 20. Rfd1 e6 21. Qg4 Rf5 22. Bd6 Be5 23. Bc5 Qc7 24. Rd2 b6 25. Bd4 Qf7 26. Qe2 Rf8 27. Rcc2 Rg5 28. Qb5 Qf3 29. g3 Bxg3 30. fxg3 Qxg3+ 31. Rg2 Qe1+ 32. Kh2 Rxg2+ 33. Rxg2 Rf1 34. Qxf1 Qxf1 35. Nd2 Qf5 36. c4 Nb4 37. c5 bxc5 38. Bxc5 Nd3 39. Bxa7 Nxb2 40. Nxe4 Nd3 41. Ng3 Qf7 42. Bd4 Ne1 43. Rb2 Nf3+ 44. Kg2 Nxd4 45. exd4 Qa7 46. Ne2 Qa3 47. Rc2 Kg7 48. Nc3 g5 49. Nb5 Qd3 50. Rc7+ Kf6 51. a4 Qe4+ 52. Kf2 Qf5+ 53. Kg2 g4 54. hxg4 Qxg4+ 55. Kh2 h5 56. Rc3 h4 57. Ra3 e5 58. dxe5+ Kxe5 59. Re3+ Kf4 60. Rb3 Qe2+ 61. Kh3 Qg4+ 62. Kh2 Qe2+ 63. Kh3 Qc4 64. Ra3 Ke5 65. Re3+ Kf4 66. Ra3 d4 67. Nd6 Qe6+ 68. Kg2 Qxd6 69. Rd3 Ke4 70. Rh3 Qf6 71. a5 d3 72. a6 Qxa6 73. Rxh4+ Ke3 74. Rh3+ Kd2 75. Kh1 0-1

[Event "Krapina op 6th"]
[Site "Krapina"]
[Date "2016.01.22"]
[Round "3"]
[White "Mohr, Pablo"]
[Black "Klement, Dubravko"]
[Result "0-1"]
[WhiteElo "1536"]
[BlackElo "1907"]
[PlyCount "64"]
[EventDate "2016.01.21"]
[EventType "swiss"]
[EventRounds "7"]
[EventCountry "CRO"]
[SourceTitle "CBM 170 Extra"]
[Source "ChessBase"]
[SourceDate "2016.02.25"]
[SourceVersion "1"]
[SourceVersionDate "2016.02.25"]
[SourceQuality "1"]

1. e4 c5 2. Nc3 Nc6 3. g3 e6 4. Bg2 Nf6 5. d3 Rb8 6. Be3 b5 7. h3 a6 8. Qd2 Bb7 9. f4 d5 10. e5 Nd7 11. Bf2 Nb6 12. Nf3 Be7 13. 0-0 b4 14. Ne2 h6 15. c3 a5 16. Rac1 Ba6 17. Ne1 c4 18. d4 Qd7 19. Nc2 b3 20. axb3 cxb3 21. Ne3 a4 22. Ra1 Na5 23. Rfe1 0-0 24. g4 Nbc4 25. Nxc4 Nxc4 26. Qd3 Qc6 27. Qb1 Nxb2 28. Qxb2 a3 29. Qb1 b2 30. Ra2 Bc4 31. Bf1 Bxa2 32. Qxa2 Qc4 0-1

[Event "Topusko op 3rd"]
[Site "Topusko"]
[Date "2014.08.09"]
[Round "3"]
[White "Klement, Dubravko"]
[Black "Suta, Tomaz"]
[Result "1-0"]
[WhiteElo "1915"]
[BlackElo "1496"]
[PlyCount "45"]
[EventDate "2014.08.08"]
[EventType "swiss"]
[EventRounds "9"]
[EventCountry "CRO"]
[SourceTitle "CBM 162 Extra"]
[Source "ChessBase"]
[SourceDate "2014.10.17"]
[SourceVersion "1"]
[SourceVersionDate "2014.10.17"]
[SourceQuality "1"]

1. d4 Nf6 2. c4 g6 3. g3 Bg7 4. Bg2 0-0 5. Nc3 d6 6. Nf3 Nbd7 7. 0-0 e5 8. e3 Re8 9. b4 c6 10. Bb2 exd4 11. exd4 c5 12. a3 Rb8 13. Re1 Rxe1+ 14. Qxe1 a6 15. Rd1 Qb6 16. Na4 Qc7 17. dxc5 dxc5 18. bxc5 Nh5 19. Qe8+ Bf8 20. Ng5 Ndf6 21. Qd8 Qxd8 22. Rxd8 Nd7 23. Bh3 1-0

[Event "Osijek op"]
[Site "Osijek"]
[Date "2013.02.21"]
[Round "1.8"]
[White "Vernacki, Srdjan"]
[Black "Klement, Dubravko"]
[Result "1-0"]
[WhiteElo "2315"]
[BlackElo "1954"]
[PlyCount "93"]
[EventDate "2013.02.21"]
[EventType "swiss"]
[EventRounds "7"]
[EventCountry "CRO"]
[SourceTitle "EXT 2014"]
[Source "ChessBase"]
[SourceDate "2013.11.20"]
[SourceVersion "1"]
[SourceVersionDate "2013.11.20"]
[SourceQuality "1"]

1. e4 c5 2. Nf3 e6 3. d3 Nc6 4. g3 b6 5. Bg2 Bb7 6. 0-0 Be7 7. Re1 Qc7 8. c3 d6 9. d4 cxd4 10. cxd4 Nf6 11. d5 Nd8 12. Nc3 0-0 13. Bf4 e5 14. Bd2 Bc8 15. Rc1 Qb7 16. Bf1 Bd7 17. a4 Ne8 18. h3 f5 19. exf5 Bxf5 20. Be3 Rc8 21. Nd2 Nf6 22. Qb3 Nf7 23. a5 Bd8 24. a6 Qe7 25. Nb5 Rxc1 26. Rxc1 Qd7 27. Kh2 e4 28. Nd4 Ne5 29. Bb5 Nfg4+ 30. hxg4 Nxg4+ 31. Kg1 Qf7 32. Nxf5 Qh5 33. Nf1 Qxf5 34. Qc2 Ne5 35. Nh2 h5 36. f4 exf3 37. Qxf5 Rxf5 38. Rc8 Rf8 39. Bf4 g5 40. Bxe5 dxe5 41. Nxf3 Rxf3 42. Rxd8+ Kg7 43. d6 Rxg3+ 44. Kf2 Rb3 45. d7 Rxb2+ 46. Ke3 Rxb5 47. Rg8+ 1-0